Score 0/20 Timer 05:00
1 Play Today
Hint Answer % Correct
Ron Howard (Directed)Christmas
98.3%
Ron Howard (Directed)Code
98.1%
Don CheadleEleven
97.8%
Jon VoightTomb
94.6%
Steve ZahnDaddy
91.1%
Don CheadleHotel
88.2%
Steve ZahnWimpy
86.6%
Ron Howard (Directed)Beautiful
85.4%
Don CheadleNights
82.3%
Don CheadleIron
80.4%
Hint Answer % Correct
Steve ZahnLittle
78%
Jon VoightCandidate
75.7%
Steve ZahnBuyers
75.7%
Ron Howard (Directed)Apollo
74.9%
Jon VoightHome
73.7%
Jon VoightTreasure
69%
Ron Howard (Directed)Nixon
65.2%
Steve ZahnBoys
63.9%
Jon VoightMidnight
62.2%
Don CheadleDogs
46.3%

Today's Daily Dose

Remove Ads.
Support Sporcle.
Get the best of Sporcle when you Go Orange. This ad-free experience offers more features, more stats, and more fun while also helping to support Sporcle. Thank you for becoming a member.

You're not logged in!

Compare scores with friends on all Sporcle quizzes.
OR
Log In

Show Comments

Extras

Top Quizzes Today


Score Distribution

Your Account Isn't Verified!

In order to create a playlist on Sporcle, you need to verify the email address you used during registration. Go to your Sporcle Settings to finish the process.

Report this User

Report this user for behavior that violates our Community Guidelines.

Details: